000
00308nam a2200109 4500
999
_c
9526
_d
9526
008
180706b ||||| |||| 00| 0 eng d
245
_a
All in the family for davao occidental.
260
_a
Philippines
_b
Philippine Daily Inquirer
_c
c2016
300
_a
page A16.
650
0
_9
28303
_a
Politics.
942
_2
ddc
_c
PER